| 000 | nam a22 7a 4500 | ||
|---|---|---|---|
| 999 |
_c95685 _d95684 |
||
| 005 | 20180608102029.0 | ||
| 008 | 180608b ||||| |||| 00| 0 eng d | ||
| 080 |
_a54(048.1)(05) _bCHE.21/3 |
||
| 110 | _aAmerican chemical society | ||
| 245 | _aChemical abstract | ||
| 260 |
_aOhio _bAmerican Chemical Society _c1986 |
||
| 300 | _ap. | ||
| 490 | _vVol.21 | ||
| 653 | _aChemistry - Journal | ||
| 710 | _aAmerican chemical society | ||
| 942 | _cBV | ||